000 00778nam a2200253Ia 4500
003 OSt
005 20221005112413.0
006 a|||||r|||| 00| 0
007 ta
008 221004b |||||||| |||| 00| 0 pan d
024 _a116609
037 _cTextual
040 _aCRL
_cCRL
_bpan
041 _2pan
_apan
082 _aO153,3N65x, P9
100 _aਸੇਠੀ, ਪ੍ਰੇਮ
245 0 _aਪੁੱਠਾ ਪਾਸਾ
260 _aਕਰਨਾਲ
_bਕਬੀਰ ਪਬਲੀਕੇਨਗ਼ ਭਾਰਤ
_c2009
300 _a112ਪੰ
_ccm.
650 _a ਪੰਜਾਬੀ ਨਾਵਲ
650 _aਪੰਜਾਬੀ ਸਾਹਿਤ
942 _hO153,3N65x, P9
_cTEXL
_2cc
999 _c1024782
_d1024782